A feminist urban theory for our time. Rethinking social reproduction and the urban.

Kaydedildi:
Detaylı Bibliyografya
Diğer Yazarlar: Peake, Linda (Editör), Koleth, Elsa (Editör), Tanyildiz, Gökbörü Sarp (Editör), Reddy, Rajyashree N. (Editör), Patrick, Darren (Editör)
Materyal Türü: Bilinmiyor
Dil:İngilizce
Baskı/Yayın Bilgisi: Hoboken, New Jersey, USA: John Wiley & Sons, 2021
Seri Bilgileri:Antipode Book Series
Konular:
Etiketler: Etiketle
Etiket eklenmemiş, İlk siz ekleyin!

MARC

LEADER 00000 a2200000 4500
003 CL-VaPUC
005 20221011095504.0
008 220228b2021 ||||| |||| 00| 0 eng d
999 |c 434225  |d 434223 
020 |a 9781119789147 
040 |c Pontificia Universidad Católica de Valparaíso 
082 |a 305.42 PEA 2021  |2 22 
100 |a Peake, Linda   |9 865020  |e editor 
245 |a A feminist urban theory for our time.  |b Rethinking social reproduction and the urban. 
260 |a Hoboken, New Jersey, USA:  |b John Wiley & Sons,   |c 2021 
300 |a 295 páginas  
490 |a Antipode Book Series  
583 |k GC  |c 20220228 
650 0 |a Teoría feminista  |9 603023 
650 0 |a Sociología urbana  |9 268099 
650 0 |a Teoría queer  |9 866644 
700 |a Koleth, Elsa  |e editor  |9 866645 
700 |a Tanyildiz, Gökbörü Sarp  |e editor  |9 866646 
700 |a Reddy, Rajyashree N.  |e editor  |9 866647 
700 |a Patrick, Darren  |e editor  |9 866648 
942 |2 ddc  |c BK 
952 |0 0  |1 0  |2 ddc  |4 0  |6 305_420000000000000_PEA_2021  |7 0  |8 A  |9 581460  |a BIBING  |b BIBING  |c GEN  |d 2022-02-24  |e 74  |g 70024.00  |i 5647533  |o 305.42 PEA 2021  |p 5647533  |r 2025-01-20  |t 2  |v 70024.00  |w 2022-02-24  |y BK  |k GEO 
952 |0 0  |1 0  |2 ddc  |4 0  |6 305_420000000000000_PEA_2021  |7 0  |8 A  |9 581461  |a BIBING  |b BIBING  |c GEN  |d 2022-02-24  |e 74  |g 70024.00  |i 5647525  |o 305.42 PEA 2021  |p 5647525  |r 2025-01-20  |t 1  |v 70024.00  |w 2022-02-24  |y BK  |k GEO 
952 |0 0  |1 0  |2 ddc  |4 0  |6 305_420000000000000_PEA_2021  |7 0  |8 A  |9 587163  |a BIBING  |b BIBING  |c GEN  |d 2022-10-07  |e 74  |g 65913.00  |i 5655099  |o 305.42 PEA 2021  |p 5655099  |r 2025-01-20  |t 3  |v 65913.00  |w 2022-10-07  |y BK  |k GEO